000
00220nam a2200097Ia 4500
008
170627s9999 xx 000 0 und d
100
_a
CHERUNILAM- FRANCIS
245
0
_a
INTERNATIONAL BUSINESS
260
_b
PHI
260
_c
2010
546
_a
ENGLISH
999
_c
35806
_d
35806